000 00405nam a2200157Ia 4500
008 230312s9999||||xx |||||||||||||| ||und||
020 _a1-85669-670-8
082 _a720.284
_bDUN-A
100 _aDunn;Nick
245 0 _aArchitectural Modelmaking
260 _bLaurence King Publishers
_aChina
_c2010
300 _a192
546 _aEng.
650 _aArchitecture
_vArchitectural Modelmaking
942 _cBK
999 _c7361
_d7361